| 000 | 00447nam a22001697a 4500 | ||
|---|---|---|---|
| 999 |
_c11685 _d11685 |
||
| 003 | OSt | ||
| 008 | 230110b ||||| |||| 00| 0 eng d | ||
| 020 | _a9789353065621 | ||
| 082 | _a658.3 SHS | ||
| 100 | _aSHARMA,Ekta | ||
| 245 | _aStrategic Human Resource Management and Development | ||
| 250 | _aIMP 3rd | ||
| 260 |
_aUP _bPearson _c2019 |
||
| 300 | _a458 | ||
| 650 | _aStrategic Human Resource Management and Development | ||
| 942 |
_2ddc _cREF |
||